Private sector participation in water supply and sanitation in Latin America (Record no. 542768)
[ view plain ]
| 000 -LEADER | |
|---|---|
| fixed length control field | 00464nam a22001337a 4500 |
| 082 ## - DEWEY DECIMAL CLASSIFICATION NUMBER | |
| Classification number | 363.61098 |
| Author Mark | IDE |
| -- | D |
| 100 ## - MAIN ENTRY--PERSONAL NAME | |
| Personal name | Ringskog, Klas, Indelovitch, Emanuel., |
| 9 (RLIN) | 38091 |
| 245 ## - TITLE STATEMENT | |
| Title | Private sector participation in water supply and sanitation in Latin America |
| Statement of responsibility, etc. | Emanuel. Idelovitch, Klas. Ringskog. |
| 260 ## - PUBLICATION, DISTRIBUTION, ETC. | |
| Place of publication, distribution, etc. | Wahington |
| Name of publisher, distributor, etc. | The World bank |
| Date of publication, distribution, etc. | May, 1995. |
| 300 ## - PHYSICAL DESCRIPTION | |
| Extent | vii, 51 p. : |
| 526 ## - STUDY PROGRAM INFORMATION NOTE | |
| Program name | 0 |
| Interest level | 0 |
| Reading level | 0 |
| Title point value | 363_610980000000000_IDE |
| 650 ## - SUBJECT ADDED ENTRY--TOPICAL TERM | |
| Topical term or geographic name entry element | D |
| 9 (RLIN) | 6527 |
| 942 ## - ADDED ENTRY ELEMENTS (KOHA) | |
| Source of classification or shelving scheme | |
| Koha item type | Book |
| Withdrawn status | Lost status | Source of classification or shelving scheme | Damaged status | Not for loan | Permanent Location | Current Location | Date acquired | Total Checkouts | Full call number | Barcode | Date last seen | Price effective from | Koha item type |
|---|---|---|---|---|---|---|---|---|---|---|---|---|---|
| Military College of Engineering (MCE) | Military College of Engineering (MCE) | 02/17/2014 | 363.61098 IDE | MCE-42475 | 02/17/2014 | 02/17/2014 | Book |
